• 首页
  • 本馆介绍
  • 公告通知
  • 最新文献
  • 馆藏检索
  • 电子资源
  • 读者导购
  • 参考咨询
  • 我的图书馆
  • 登录
  • 详细信息显示
  • 放入我的书架
  • 预约/预借图书
  • 作者相关作品
  • 分类相关作品
  • 丛书相关作品
  • 出版社相关作品

书目信息

  • 表格格式
  • 工作单格式
  • 卡片格式
题名:
埃舍尔大师图典
    
 
作者: 周宏
分册:  
出版信息: 北京   陕西师范大学出版社  2003
页数: 239
开本: 19cm
丛书名:
单 册:
中图分类: J237
科图分类:
主题词: 绘画--世界 , 绘画--各国
电子资源:
ISBN: 7-5613-2755-2
000 00523nam0 2200193 450
001 0739037328
005 20070817105037.32
010    @a7-5613-2755-2@b精装@d¥48.00
100    @a20070817d km y0chiy0120 ea
101 0  @achi
200 1  @a埃舍尔大师图典@Aai she er da shi tu dian@f周宏@Fzhou hong
210    @a北京@c陕西师范大学出版社@d2003
215    @a239@d19cm
606 0  @a绘画@x世界
606 0  @a绘画@y各国
690    @aJ237@v3
701  0 @a周宏@Azhou hong
801  0 @aCN@bPFT@c20070817
905    @a213230@dJ237@eM160
    
    埃舍尔大师图典/周宏.-北京:陕西师范大学出版社,2003
    239;19cm
    
    
    ISBN 7-5613-2755-2(精装):¥48.00
    
●
相关链接 在E读中查询图书 在五车中查询图书 在当当中查询图书 在豆瓣中查询图书


正题名:埃舍尔大师图典     索取号:J237/M160         预约/预借

序号 登录号 条形码 馆藏地/架位号 状态 备注
1 6400762   264007620   密集书库-美术系/ [索取号:J237/M160] 在馆    
唐山师范学院图书馆 欢迎您!
大连网信软件有限公司© 版权所有